Responses for show #3025 - Friday, October 24, 1997

Contestants

Steve Norton, a reporter from Washington, D.C.

Sandra Ulbrich, a writer and editor from Janesville, Wisconsin

Eileen Heckel, a homemaker from Whittier, California (whose 1-day cash winnings total $8,400)

Jeopardy! Round responses

THE UNITED NATIONS
(Alex: In honor of U.N. Day)
FROGS & TOADS
YOU COULD PUT AN EYE OUT
MUSIC CLASS
MAN MEETS TOON
WORDS OF THE '60s
    $100 6
East River

Steve
    $100 8
(E: What is Budweiser?)
(response accepted)

Anheuser-Busch

Eileen
    $100 22
Forks

Sandra
    $100 14
Scale

Eileen
    $100 9
Space Jam

Sandra
    $100 1
Doves & hawks

Sandra
    $200 7
General Assembly

Sandra
    $200 23
(less than a minute to go, Sandra...)

Harpoon

Triple Stumper
    $200 16
Percussion

Eileen
    $200 10
Mary Poppins

Steve
    $200 2
(E: What is an asteroid?)

Astronaut

EileenSandra
    $300 11
Daniel Patrick Moynihan

Steve
    $300 24
Darts

Eileen
    $300 19
(Steve: What is dal ceno?)
(Sandra: What is dal capo?)

Da Capo

SandraSteve
Triple Stumper
    $300 15
(Sandra: Who is Mickey Mouse?)

Jerry

SandraSteve
    $300 3
Surfing

Eileen
    $400 12
San Francisco

Steve
    $400 27
(Sandra: What is Crunchy Frog?)

Toad The Wet Sprocket

Sandra
Triple Stumper
    $400 25
Poker

Sandra
    $400 20
Largo

Triple Stumper
    $400 17
Carmen Miranda

Triple Stumper
    $400 4
(Steve: What is a bra?)

Monokini

EileenSteve
    $500 13
Kofi Annan or Boutros Boutros-Ghali

Steve
    $500 28
(buzzer sounds)

Aristophanes

Triple Stumper
    $500 26
Darning needle

Sandra
    $500 21
(Steve: What is pirouette?)

Arabesque

Steve
Triple Stumper
    $500 18
Uncle Remus

Steve
    $500 5
"Freedom Riders"

Steve

Scores at the first commercial break (after clue 14):

Eileen Sandra Steve
$700 $600 $1,600

Scores at the end of the Jeopardy! Round:

Eileen Sandra Steve
$1,200 $600 $1,600

Double Jeopardy! Round responses

AFRICAN COUNTRIES
THE MOVIES
FOLKLORE
SCIENCE QUIZ
MEGA MERGERS
ANIMAL GROUPS
    $200 12
Zaire

Steve
    $200 5
Volcano

Steve
    $200 8
Beanstalk

Eileen
    $200 1
Sun

Sandra
    $200 22
Union Pacific

Triple Stumper
    $200 21
Herd

Steve
    $400 13
Libya

Steve
    $400 6
Romy & Michele

Sandra
    $400 17
Fools

Sandra
    $400 2
100

Sandra
    $400 23
Aetna

Steve
    $400 30
Charm

Sandra
    $600 14
Morocco

Steve
    $600 9
(Sandra: What is "Groundhog Day?")
(Steve: What is "3 Weddings and a Funeral?")

Four Weddings and a Funeral

SandraSteve
Triple Stumper
    $600 18
Starve a fever

Steve
    $600 3
Washing machine

Steve
    $600 24
Switzerland

Triple Stumper
    $600 27
Storks

Sandra
    $800 15
Eritrea

Eileen
    $800 10
Griswold

Triple Stumper
    $800 19
Urban legend

Sandra
    $800 4
Worms

Triple Stumper
    $800 25
(Steve, we have less than a minute left...)

Detroit

Triple Stumper
    $800 28
Goats

Triple Stumper
    $1000 16
Nigeria

Triple Stumper
    $1000 11
Cocktail

Steve
    $1,000 20
Golem

Sandra
    $1,000 7
(Sandra: What is a jellyfish?)

Starfish

Sandra
    $1000 26
(Alex: Steve, aren't you glad we're out of MEGA MERGERS?)

Dean Witter

Triple Stumper
    $1000 29
Hares

Eileen

Scores at the end of the Double Jeopardy! Round:

Eileen Sandra Steve
$3,200 $3,200 $5,200

[wagering suggestions for these scores]

Final Jeopardy! Round responses

PLAYWRIGHTS
SandraWho is Brecht?
$3,100
EileenWho was Sh
$3,100
SteveWho was Brecht?
$2,000
Bertolt Brecht

Final scores:

Eileen Sandra Steve
$100 $6,300 $7,200
3rd place: Panasonic Large Color LCD Palmcorder 2nd place: Trip to Doubletree Guest Suites, New York City New champion: $7,200

Game dynamics:

Coryat scores:

Eileen Sandra Steve
$3,200 $4,200 $5,200
9 R,
1 W
15 R
(including 1 DD),
5 W
(including 1 DD)
17 R
(including 1 DD),
4 W

Combined Coryat: $12,600

The J! Archive is created by fans, for fans. The Jeopardy! game show and all elements thereof, including but not limited to copyright and trademark thereto, are the property of Jeopardy Productions, Inc. and are protected under law. This website is not affiliated with, sponsored by, or operated by Jeopardy Productions, Inc. Join the discussion at JBoard.tv.